• 首页
  • 本馆介绍
  • 公告通知
  • 最新文献
  • 馆藏检索
  • 电子资源
  • 读者导购
  • 参考咨询
  • 我的图书馆
  • 登录
  • 详细信息显示
  • 放入我的书架
  • 预约/预借图书
  • 作者相关作品
  • 分类相关作品
  • 丛书相关作品
  • 出版社相关作品

书目信息

  • 表格格式
  • 工作单格式
  • 卡片格式
题名:
生态旅游开发模式及案例
    
 
作者: 程道品 编著
分册:  
出版信息: 北京   化学工业出版社  2006
页数: 154页
开本: 21cm
丛书名:
单 册:
中图分类: F590.7
科图分类:
主题词: 生态型--旅游--资源开发--案例--研究
电子资源:
ISBN: 7-5025-8713-6
000 00876nam0 2200253 450
001 012004060188
005 20070720091959.20
009 012004060188
010    @a7-5025-8713-6@dCNY16.00
035    @a(110019)012006067813
100    @a20060803d2006 em y0chiy0110 ea
101 0  @achi
102    @aCN@b110000
105    @ak z 000yy
106    @ar
200 1  @a生态旅游开发模式及案例@Asheng tai lv you kai fa mo shi ji an li@f程道品编著@Fcheng dao pin bian zhu
210    @a北京@c化学工业出版社@d2006
215    @a154页@c表@d21cm
330    @a本书以桂林及其周边区域的生态旅游开发为案例,着重探讨了森林生态旅游、城市生态旅游、市郊农业旅游等不同类型的旅游开发模式以及生态旅游区绩效评价的方法。
606 0  @a生态型@x旅游@x资源开发@x案例@x研究
690    @aF590.7@v4
701  0 @a程道品@Acheng dao pin@4编著
801  0 @aCN@b110019@c20070720
905    @dF590.7@e155@f5
    
    生态旅游开发模式及案例/程道品编著.-北京:化学工业出版社,2006
    154页:表;21cm
    
    
    ISBN 7-5025-8713-6:CNY16.00
    本书以桂林及其周边区域的生态旅游开发为案例,着重探讨了森林生态旅游、城市生态旅游、市郊农业旅游等不同类型的旅游开发模式以及生态旅游区绩效评价的方法。
●
相关链接 在E读中查询图书 在五车中查询图书 在当当中查询图书 在豆瓣中查询图书


正题名:生态旅游开发模式及案例     索取号:F590.7/155         预约/预借

序号 登录号 条形码 馆藏地/架位号 状态 备注
1 0850188   208501888   第一样本阅览室/ [索取号:F590.7/155] 在馆    
2 0850189   208501897   第一借阅区/ [索取号:F590.7/155] 在馆    
3 0850190   208501904   第一借阅区/ [索取号:F590.7/155] 在馆    
4 0850191   208501913   第一借阅区/ [索取号:F590.7/155] 在馆    
5 0850192   208501922   第一借阅区/ [索取号:F590.7/155] 在馆    
唐山师范学院图书馆 欢迎您!
大连网信软件有限公司© 版权所有